<La> notation en France: origines, développements récents et perspectives.

Francúzi definujú notáciu ako agentúrne hodnotenie platobného rizika. Užitočnosť notácie sa zjavila iba nedávno. Mikrofinančné príčiny. Notácia ako špecifickosť remesla. Makroekonomické príčiny notácie. Prehľadnosť, účinnosť, istota a likvidita kapitálových trhov. Vznik notácie vo svete a vo Francúz...

Descrizione completa

Salvato in:
Dettagli Bibliografici
Autore principale: Petit, J.-P
Natura: Capitolo di libro
Lingua:francese
Soggetti:
Tags: Aggiungi Tag
Nessun Tag, puoi essere il primo ad aggiungerne!!

MARC

LEADER 00000naa a2200000 4500
001 r013641
005 20221213085349.0
041 0 |a fre 
044 |a FR 
245 1 0 |a <La> notation en France: origines, développements récents et perspectives.  |c J.-P. Petit 
520 |a Francúzi definujú notáciu ako agentúrne hodnotenie platobného rizika. Užitočnosť notácie sa zjavila iba nedávno. Mikrofinančné príčiny. Notácia ako špecifickosť remesla. Makroekonomické príčiny notácie. Prehľadnosť, účinnosť, istota a likvidita kapitálových trhov. Vznik notácie vo svete a vo Francúzsku. Význam notačných agentúr. Perspektívy rozvoja notácií v Paríži. Požiadavka vierohodnosti. Otázka nákladov na notácie. (Banque de France, Bulletin trimestriel 1992, č.82.). 
610 2 0 |a rating 
610 2 0 |a trh kapitálový 
610 2 0 |a riziko 
610 2 0 |a Francúzsko 
610 2 0 |a USA 
100 1 |a Petit, J.-P.